| 000 | 01035nam a2200229Ia 4500 | ||
|---|---|---|---|
| 999 |
_c54459 _d54459 |
||
| 001 | 21521 | ||
| 003 | GE_BSU | ||
| 005 | 20211126161629.0 | ||
| 008 | 181216s1981||||ge |||||||||||||| ||geo|| | ||
| 040 | _cGE_BSU | ||
| 041 | _ageo | ||
| 080 | _a811.353.1-8(075.8) კ-44 | ||
| 100 |
_aკვაჭაძე, ლ. (ლეო) _913085 |
||
| 245 |
_aქართული ენა ნაწ. 1 : _bლექსიკა, ფონეტიკა, გრაფიკა და მორფოლოგია მართლწერის საკითხებითურთ / |
||
| 250 | _aმე-3 გადამუშავებული და შევსებებული გამოცემა | ||
| 264 |
_aთბილისი : _bგანათლება, _c1981. |
||
| 300 |
_a340 გვ. ; _c22 სმ. |
||
| 541 | _h1ლ. 60თ. | ||
| 653 | _aთანამედროვე ქართული ენის სინტაქსი | ||
| 653 | _aქართული ენა | ||
| 942 |
_cBK _2udc |
||